INDIAN BAR REVIEW [VOL-46] ( 4 ) 2019: Special issue on legal education continuing legal education and clinical legal education (Record no. 8000)

MARC details
000 -LEADER
fixed length control field 00484nam a22001457a 4500
005 - DATE AND TIME OF LATEST TRANSACTION
control field 20220329175811.0
008 - FIXED-LENGTH DATA ELEMENTS--GENERAL INFORMATION
fixed length control field 220329b ||||| |||| 00| 0 eng d
022 ## - INTERNATIONAL STANDARD SERIAL NUMBER
ISSN 978-81-93198-0-0
100 ## - MAIN ENTRY--AUTHOR NAME
Personal name BAR CONUCIL OF INDIA TRUST
245 ## - TITLE STATEMENT
Title INDIAN BAR REVIEW [VOL-46] ( 4 ) 2019: Special issue on legal education continuing legal education and clinical legal education
260 ## - PUBLICATION, DISTRIBUTION, ETC. (IMPRINT)
Place of publication NEW DELHI
Name of publisher BAR COUNCIL OF INDIA
Year of publication 2019
300 ## - PHYSICAL DESCRIPTION
Number of Pages 524;p
650 ## - SUBJECT ADDED ENTRY--TOPICAL TERM
Topical Term LAW
942 ## - ADDED ENTRY ELEMENTS (KOHA)
Koha item type Journals/Serial
Holdings
Lost status Damaged status Collection code Home library Current library Shelving location Date acquired Source of acquisition Cost, normal purchase price Accession Number Koha item type
    LAW JRU Library JRU Library SHELF-33-E 29/03/2022 PURCHASE 16000.00 26782 Journals/Serial
    LAW JRU Library JRU Library SHELF-33-E 29/03/2022 PURCHASE 16000.00 26783 Journals/Serial
    LAW JRU Library JRU Library SHELF-33-E 29/03/2022 PURCHASE 16000.00 26784 Journals/Serial
    LAW JRU Library JRU Library SHELF-33-E 29/03/2022 PURCHASE 16000.00 26785 Journals/Serial
    LAW JRU Library JRU Library SHELF-33-E 29/03/2022 PURCHASE 16000.00 26786 Journals/Serial
    LAW JRU Library JRU Library SHELF-33-E 29/03/2022 PURCHASE 16000.00 26787 Journals/Serial
    LAW JRU Library JRU Library SHELF-33-E 29/03/2022 PURCHASE 16000.00 26788 Journals/Serial
    LAW JRU Library JRU Library SHELF-33-E 29/03/2022 PURCHASE 16000.00 26789 Journals/Serial
    LAW JRU Library JRU Library SHELF-33-E 29/03/2022 PURCHASE 16000.00 26790 Journals/Serial
    LAW JRU Library JRU Library SHELF-33-E 29/03/2022 PURCHASE 16000.00 26791 Journals/Serial